PC Systems Instllation and Maintenance (Record no. 24365)

MARC details
000 -LEADER
fixed length control field 00382nam a22001697a 4500
003 - CONTROL NUMBER IDENTIFIER
control field OSt
005 - DATE AND TIME OF LATEST TRANSACTION
control field 20211227140605.0
008 - FIXED-LENGTH DATA ELEMENTS--GENERAL INFORMATION
fixed length control field 211227b |||||||| |||| 00| 0 eng d
020 ## - INTERNATIONAL STANDARD BOOK NUMBER
International Standard Book Number 0340692324
040 ## - CATALOGING SOURCE
Transcribing agency HU
050 ## - LIBRARY OF CONGRESS CALL NUMBER
Classification number 004
082 ## - DEWEY DECIMAL CLASSIFICATION NUMBER
Edition number
Classification number 004
100 ## - MAIN ENTRY--PERSONAL NAME
Personal name Beales R.P.
9 (RLIN) 25434
245 ## - TITLE STATEMENT
Title PC Systems Instllation and Maintenance
250 ## - EDITION STATEMENT
Edition statement 004
942 ## - ADDED ENTRY ELEMENTS (KOHA)
Source of classification or shelving scheme Dewey Decimal Classification
Koha item type Books like text book referance book
Suppress in OPAC No

No items available.